000 01159cam a2200337 4500
001 25273
005 20230411085849.0
008 060907s1959 nyu eng
035 _9funglode25464
010 _a 59004783
035 _a(OCoLC)ocm00177055
040 _aDLC
_cWSU
_dDLC
_dSER
_dNRC
_dNLGGC
_dLVB
_dCOA
_dCUY
019 _a503582412
_a635956770
029 1 _aNLGGC
_b096357908
029 1 _aAU@
_b000008065422
029 1 _aDEBBG
_bBV035208158
035 _a(OCoLC)177055
_z(OCoLC)503582412
_z(OCoLC)635956770
042 _apremarc
050 1 4 _aR LB 875
_bD519d 1959
082 _a370.3
049 _aGRAL
100 1 _aDewey, John,
_d1859-1952.
245 1 0 _aDictionary of education.
_cEdited by Ralph B. Winn. With a foreword by John Herman Randall, Jr.
260 _aNew York :
_bPhilosophical Library,
_c[1959]
300 _ax, 150 p.
_c24 cm.
650 0 _aEducation
_vDictionaries.
700 1 _aWinn, Ralph B.
_q(Ralph Bubrich),
_d1895-
_eed
776 0 8 _iOnline version:
_aDewey, John, 1859-1952.
_tDictionary of education.
_dNew York, Philosophical Library [1959]
_w(OCoLC)569790145
942 _2lcc
_cbk
994 _aC0
_bDRFGD
999 _c108487
_d108487